2022 FIFA World Cup Round of 16 - Japan - Croatia - Statistics

General Stats
  • This quiz has been taken 107 times
  • The average score is 18 of 35
Answer Stats
Player % Correct
Luka Modrić
95%
Marcelo Brozović
82%
Dominik Livaković
81%
Ivan Perišić ¹
78%
Joško Gvardiol
77%
Mateo Kovačić
77%
Andrej Kramarić
73%
Dejan Lovren
73%
Bruno Petković
58%
Josip Juranović
56%
Lovro Majer
55%
Kaoru Mitoma
51%
Marko Livaja
51%
Takumi Minamino
51%
Wataru Endo
51%
Zlatko Dalić
49%
Maya Yoshida
48%
Daichi Kamada
47%
Daizen Maeda ¹
47%
Takehiro Tomiyasu
47%
Junya Ito
45%
Mario Pašalić
45%
Ritsu Dōan
45%
Mislav Oršić
44%
Nikola Vlašić
44%
Yuto Nagatomo
44%
Borna Barišić
40%
Takuma Asano
40%
Shūichi Gonda
38%
Hiroki Sakai
36%
Hidemasa Morita
32%
Ao Tanaka
31%
Ante Budimir
30%
Shogo Taniguchi
29%
Hajime Moriyasu
27%
No matching quizzes found
Score Distribution
Percent of People with Each Score
Percentile by Number Answered
Your Score History
You have not taken this quiz